Statistics for Cities Starting with J in Chinese Pinyin

Click here to take the quiz!

General Stats

  • This quiz has been taken 10 times
  • The average score is 7 of 9

Answer Stats

HintAnswer% Correct
Jiā Dé Mǎn DūKathmandu
100%
Jīn Shā SàKinshasa
100%
Jí Dà GǎngChittagong
88%
Jiā ShāGaza
88%
Jí DáJeddah
88%
Jī DuōQuito
88%
Jí Lóng PōKuala Lumpur
63%
Jī FǔKyiv
50%
Jiā Ěr Gè DáKolkata
13%

Score Distribution

Percentile by Number Answered

Percent of People with Each Score

Your Score History

You have not taken this quiz